000 00240nam a2200109 4500
082 _a510ARO
100 _aArora, P.N
245 _aCA Foundation Course Mathematics
260 _aIndia:
_bS.Chand & Co,
_c1998.
300 _a801p. ;
942 _cBK
999 _c9020
_d9020